000 00302nam a2200121Ia 4500
005 20251222144644.0
008 251222s9999||||xx |||||||||||||| ||spa||
020 _a2-85056-428-1
082 _a271.2/D88/T.2
245 0 _aLes Dominicales d' Unterlinden
264 _bSomogy Editions D'Art
942 _cLIB
999 _c16792
_d16792